000 03010cam a22005894i 4500
003 PE-LiUPU
005 20250731173144.0
008 150623a2000 ag rb 000 0 spa d
020 _a9505738900
035 _a(Sirsi) i9789505738908
040 _aPE-LiUPU
_bspa
_cPE-LiUPU
_erda
049 _aPRUA
082 0 4 _a254.5
_bG55
_221
082 0 4 _a254.5
_bG55 2002
100 1 _aGladden, Ron,
_eautor.
245 1 0 _aPlantar el futuro :
_b¡hay muchas iglesias! ¿Por qué plantar más? /
_cRon Gadden.
264 1 _aBuenos Aires :
_bAsociación Casa Editora Sudamericana,
_c2000.
300 _a91 páginas :
_bilustraciones ;
_c21 centímetros
336 _atext
_2rdacontent
337 _aunmediated
_2rdamedia
338 _avolume
_2rdacarrier
504 _aIncluye bibliografía.
505 0 _aQué sucedería si Valeria asistiera a su iglesia? -- Qué pueden aprender los adventistas de Coca Cola -- Como una tortura poderosa -- El techo de vitrales -- ¡Buenas noticias: nuestra iglesia está embarazada? -- Tener un bebé es doloroso -- La comisión casi arruinada -- El vino nuevo debe ir en odres nuevos -- Regreso al futuro -- Sobre todos los que creen.
526 _aSEG42
526 _aSEG41
526 _aSEG40
526 _aSEG39
526 _aP94
526 _aP87
526 _aP86
526 _aP85
526 _aP77
526 _aP76
526 _aP35
650 0 4 _aCrecimiento de iglesia.
650 0 4 _aEvangelismo.
_9953
942 _2ddc
_cBOOK
949 _a254.5 G55
_wDEWEY
_c1
_i55164
_lCCODEBUL1
_mBUL
_p3.00
_r0
_sY
_tBOOK
_u2015-6-24
_xTEOLOGIA
_PP35
_0COMPRA
_o.STAFF. Colección General
949 _a254.5 G55
_wDEWEY
_c2
_i53166
_d2016-5-31
_e2016-5-27
_lCCODEBUL1
_mBUL
_n4
_r0
_sY
_tBOOK
_u2015-6-24
_xTEOLOGIA
_zUNKNOWN
_0COMPRA
_o.STAFF. Colección General
949 _a254.5 G55
_wDEWEY
_c3
_i53167
_lCCODEBUL1
_mBUL
_r0
_sY
_tBOOK
_u2015-6-24
_xTEOLOGIA
_zUNKNOWN
_0COMPRA
_o.STAFF. Colección General
949 _a254.5 G55 2002
_wDEWEY
_c1
_iFT02063
_lCCODEBUT1
_mBUT
_p{dólar}5.00
_r0
_sY
_tBOOK
_xBIBLIOTECA
_zUNKNOWN
_0COMPRA
_o.STAFF. Colección General Tarapoto
994 _aC0
_bPEPRU
596 _a1 2
999 _a254.5 G55
_wDEWEY
_c34969
_i55164
_f2021-11-10
_g5
_lCCODEBUL1
_mBUL
_p3.00
_r0
_sY
_tBOOK
_u2015-6-24
_xTEOLOGIA
_PP35
_0COMPRA
_o.STAFF. Colección General
_d34969
999 _a254.5 G55
_wDEWEY
_c2
_i53166
_d2016-5-31
_e2016-5-27
_f2021-11-10
_g5
_lCCODEBUL1
_mBUL
_n4
_p10.00
_r0
_sY
_tBOOK
_u2015-6-24
_xTEOLOGIA
_PP35
_0COMPRA
_o.STAFF. Colección Teología
999 _a254.5 G55
_wDEWEY
_c3
_i53167
_f2021-11-10
_g5
_lCCODEBUL1
_mBUL
_r0
_sY
_tBOOK
_u2015-6-24
_xTEOLOGIA
_zUNKNOWN
_0COMPRA
_o.STAFF. Colección General
999 _a254.5 G55 2002
_wDEWEY
_c1
_iFT02063
_f2019-2-20
_g1
_lCCODEBUT1
_mBUT
_p5.00
_r0
_sY
_tBOOK
_u2018-8-13
_xBIBLIOTECA
_zUNKNOWN
_0COMPRA
_o.STAFF. Colección General Tarapoto
980 _81
_gALBERTO SANCHEZ Responsable de Automatización